000
00327nam a2200133Ia 4500
008
240624s9999 xx 000 0 und d
041
_a
eng
082
_a
330 PEN
100
_a
PENNINGTON MARK
245
_a
ROBUST POLITICAL ECONOMY
260
_c
2011
_a
Cheltenham
_b
Edward Elgar
300
_a
302 : p. : cm. ; 20
365
_c
RS
999
_c
23532
_d
23532